Llibre de privilegis de Palafrugell (1250 - 1724) / edició a cura de Joan Villar i Torrent
ISBN:
978-84-9779-607-1
Descripción Física:
203 p. ; 24 cm
Colección:
Llibres de Privilegis ; 12
MARC
| LEADER | 00000nam a2200000Ia 4500 | ||
|---|---|---|---|
| 001 | 20463 | ||
| 008 | 160829s2007 xx 000 0 cat d | ||
| 020 | |a 978-84-9779-607-1 | ||
| 080 | |a H-3-62 | ||
| 245 | |a Llibre de privilegis de Palafrugell (1250 - 1724) / edició a cura de Joan Villar i Torrent | ||
| 260 | |a Barcelona : |b Fundació Noguera ; Lleida : |b Pagès, |c 2007 | ||
| 300 | |a 203 p. ; |c 24 cm | ||
| 490 | |a Llibres de Privilegis ; 12 | ||
| 650 | |a Palafrugell |x Cartes, privilegis, immunitats |9 45701 | ||
| 650 | |a Palafrugell |x Història |x Fonts |9 45702 | ||
| 700 | 1 | |a Villar i Torrent, Joan |e editor |9 45703 | |
| 700 | |a Fundació Noguera |9 70407 | ||
| 901 | |a Arxiu | ||
| 942 | |n 1 |2 udc | ||
| 952 | |0 0 |1 0 |4 0 |6 H362 |7 1 |9 52764 |a Arxiu |b Arxiu |d 2016-12-01 |l 0 |o H-3-62 |p 20463 |r 2016-12-01 00:00:00 |w 2016-12-01 |y ARXIU | ||
| 999 | |c 56613 |d 56613 | ||